000 01076nam a2200337 a 4500
005 20150717132757.0
008 840608s1984 nyua b 001 0 eng 0
010 _a 84045139
020 _a0801415837 (alk. paper)
035 _aAAY9278LB
035 _a(OCoLC)ocm10878753
039 0 _a2
_b3
_c3
_d3
_e3
040 _aDLC
_cDLC
_dSMI
_dWaOLN
049 _aSMIH
_l39088000170589
050 0 0 _aQC173.3
_b.E47 1984
099 _aQC173.3.E47 1984X
100 1 _aEmerton, Norma E.,
_d1932-
_918387
245 1 4 _aThe scientific reinterpretation of form /
_cby Norma E. Emerton.
260 _aIthaca, N.Y. :
_bCornell University Press,
_c1984.
300 _a318 p. :
_bill. ;
_c25 cm.
490 1 _aCornell history of science series
500 _aIncludes index.
504 _aBibliography: p. 289-309.
650 0 _aMatter
_xPhilosophy.
_918388
650 0 _aHylomorphism
_918389
650 0 _aScience
_xHistory
_918390
650 0 _aForm (Philosophy)
_94857
830 0 _aCornell history of science series
_918391
942 _2lcc
_cMONOGRAPH
945 _aJR 5-30-85
999 _c122999
_d122999